| 000 | 00459nam a2200169Ia 4500 | ||
|---|---|---|---|
| 005 | 20250423101543.0 | ||
| 008 | 250422s9999 xx 000 0 und d | ||
| 020 | _a0871201569 | ||
| 050 | _aLB 2804 .A82/ | ||
| 245 | 0 | _aToward the thinking curriculum : current cognitive research | |
| 260 | _aAlexandria | ||
| 260 | _bASCD | ||
| 260 | _cc1989 | ||
| 300 | _a221 p | ||
| 650 | _aThought and thinking_Study and teaching. Education_Curricula. | ||
| 942 | _cBK | ||
| 999 |
_c36621 _d36621 |
||